Memoria 1989 / Bolsa de Barcelona
Descripción Física:
226 p. : il. ; 21 x 30 cm
Materias:
Borsa de Barcelona -- Memòries
MARC
| LEADER | 00000nam a2200000Ia 4500 | ||
|---|---|---|---|
| 001 | 9533 | ||
| 003 | BGR | ||
| 005 | 20260324175248.0 | ||
| 008 | 160829s1989 xx 000 0 cat d | ||
| 080 | |a FOL-1-176 | ||
| 110 | 2 | |a Borsa de Barcelona |9 70681 | |
| 245 | |a Memoria 1989 / Bolsa de Barcelona | ||
| 260 | |a Barcelona : |b Departamentos de Información y Estudios de la Bolsa de Barcelona, |c 1989 | ||
| 300 | |a 226 p. : |b il. ; |c 21 x 30 cm | ||
| 650 | |a Borsa de Barcelona |x Memòries |9 23752 | ||
| 901 | |a Arxiu | ||
| 942 | |n 1 |2 udc |c MON | ||
| 952 | |0 0 |1 0 |4 0 |6 FOL1176 |7 1 |9 42837 |a Arxiu |b Arxiu |d 2016-12-01 |l 0 |o FOL-1-176 |p 9533 |r 2016-12-01 00:00:00 |w 2016-12-01 |y ARXIU | ||
| 999 | |c 45343 |d 45343 | ||